| 000 | 00491nam a2200181Ia 4500 | ||
|---|---|---|---|
| 003 | GCL | ||
| 008 | 140319s9999 xx 000 0 eng d | ||
| 040 |
_aGCL / _cGCL |
||
| 082 | 0 | 4 |
_a327.206 _bK C |
| 100 | 1 | _aKAUFFMANN, C.M. | |
| 245 | 1 | 0 |
_aCONFERENCE DIPLOMACY: AN INTRODCUTION ANALYSIS / _cKAUFFMANN, C.M. |
| 260 |
_a[S.N] : _bMACMILLAN ، _c1996 |
||
| 300 | _a214 P | ||
| 650 | 0 | 4 | _aINTERNATIONAL RELATIONS |
| 650 | 0 | 4 | _aDIPLOMACY |
| 650 | 0 | 4 | _aCONFERENCE DIPLOMACY |
| 942 |
_2ddc _cBK |
||
| 999 |
_c16117 _d16117 |
||